LEADER 01150nam a2200289 i 4500 001 991002812799707536 005 20020503173708.0 008 000508s1999 it ||| | ita 020 $a8846417526 035 $ab10418696-39ule_inst 035 $aEXGIL110357$9ExL 040 $aDip.to Filol. Ling. e Lett.$bita 082 0 $a001.3071145 100 1 $aCiliberti, Anna$0165146 245 13$aLe forme della comunicazione accademica :$bricerche linguistiche sulla didattica universitaria in ambito umanistico /$ca cura di Anna Ciliberti e Laurie Anderson 260 $aMilano :$bFranco Angeli,$c[c1999] 300 $a290 p. ;$c22 cm. 490 0 $aMateriali linguistici ;$v26 650 4$aDidattica$xLinguaggio 650 4$aDiscipline umanistiche - Insegnamento$zItalia$ySec. 20. 700 1 $aAnderson, Laurie 907 $a.b10418696$b21-02-17$c27-06-02 912 $a991002812799707536 945 $aLE008 L.L.I.D A V 48$g1$i2008000015046$lle008$o-$pE0.00$q-$rl$s- $t0$u0$v0$w0$x0$y.i10487268$z27-06-02 996 $aForme della comunicazione accademica$9218644 997 $aUNISALENTO 998 $ale008$b01-01-00$cm$da $e-$fita$git $h3$i1 LEADER 01251cam a2200265 a 4500 001 991001826829707536 008 041021s2003 it a b 100 0 ita 020 $a8885914411 035 $ab13433155-39ule_inst 040 $aDip.to Beni Culturali$bita 245 10$aPer una storia del denaro nel Vicino Oriente antico :$batti dell'incontro di studio, Roma, 13 giugno 2001 /$c[redazione, Luciano Camilli, Sara Sorda] 260 $aRoma :$bIstituto italiano di numismatica,$cc2003 300 $a182 p. :$bill. ;$c24 cm. 490 1 $aStudi e materiali ;$v10 650 4$aMonete romane$zMedio Oriente$vCongresso 700 1 $aCamilli, Luciano$eauthor$4http://id.loc.gov/vocabulary/relators/aut$0738347 700 1 $aSorda, Sara$eauthor$4http://id.loc.gov/vocabulary/relators/aut$0738348 710 2 $aIstituto italiano di numismatica 830 0$aStudi e materiali (Istituto italiano di numismatica) ;$v10 907 $a.b13433155$b31-01-07$c31-08-06 912 $a991001826829707536 945 $aLE001 AR IX 96/10$g1$i2001000158935$lle001$op$pE40.00$q-$rl$s- $t0$u0$v0$w0$x0$y.i14286609$z06-09-06 996 $aPer una storia del denaro nel Vicino Oriente antico$91462384 997 $aUNISALENTO 998 $ale001$b31-08-06$cm$da $e-$fita$git $h0$i0 LEADER 01616oam 2200469I 450 001 9910711846603321 005 20190207133031.0 035 $a(CKB)5470000002487616 035 $a(OCoLC)1046653876 035 $a(OCoLC)995470000002487616 035 $a(EXLCZ)995470000002487616 100 $a20180730d1959 ua 0 101 0 $aeng 135 $aur||||||||||| 181 $ctxt$2rdacontent 182 $cc$2rdamedia 183 $acr$2rdacarrier 200 10$aCompilation of records of surface waters of the United States through September 1950$hPart 11-B$iPacific slope basins in California, Central Valley /$fby J.V.B. Wells 210 1$a[Washington, D.C.] :$cUnited States Department of the Interior, Geological Survey,$d1959. 215 $a1 online resource (v, 459 pages) $cillustrations, map 225 1 $aGeological Survey water-supply paper ;$v1315-A 300 $aIncludes index. 606 $aWater quality$zCalifornia$zCentral Valley 606 $aWater-supply$zCalifornia$zCentral Valley 606 $aWater quality$2fast 606 $aWater-supply$2fast 607 $aCalifornia$zCentral Valley$2fast 615 0$aWater quality 615 0$aWater-supply 615 7$aWater quality. 615 7$aWater-supply. 700 $aWells$b J. V. B.$01385991 712 02$aGeological Survey (U.S.), 801 0$bCOP 801 1$bCOP 801 2$bOCLCO 801 2$bOCLCF 801 2$bGPO 906 $aBOOK 912 $a9910711846603321 996 $aCompilation of records of surface waters of the United States through September 1950$93446974 997 $aUNINA